Film dont le titre commence par un R (1) - Statistiques

Statistiques générales
  • Ce quiz a été pris 6 fois
  • Le résultat moyen est 8 sur 30
Statistiques - réponses
Année Réalisateur Genre 1 acteur ou
1 actrice
Titre % Correct
1981 John Glen Espionnage Roger Moore Rien que pour vos yeux
83%
1976 John Avildsen Comédie dramatique Sylvester Stallone Rocky
83%
1985 Akira Kurosawa Guerre Tatsuya Nakadai Ran
67%
2016 Dany Boon Comédie Michel Blanc Raid dingue
50%
1983 Ted Kotcheff Aventures Sylvester Stallone Rambo
50%
1985 Robert Zemeckis Aventures Michael Fox Retour vers le futur
50%
1997 Hideo Nakata Epouvante Nanako Matsushima Ring
50%
2010 Ridley Scott Aventures Russell Crowe Robin des Bois
50%
1985 Susan Seidelman Comédie Rosanna Arquette Recherche Susan désespérement
33%
2002 Paul Anderson Fantastique Milla Jovovich Résident Evil
33%
1990 Claude Zidi Comédie Philippe Noiret Ripoux contre Ripoux
33%
1949 Giuseppe de Santis Drame Vittorio Gassman Riz amer
33%
1968 Roman Polanski Horreur Mia Farrow Rosemary's baby
33%
2019 Arnaud Desplechin Drame Roschdy Zem Roubaix une lumière
33%
1958 Pierre Schoendorffer Aventures Mijanou Bardot Ramuntcho
17%
1988 Michael Winner Policier Peter Ustinov Rendez vous avec la mort
17%
1997 Claude Chabrol Comédie Michel Serrault Rien ne va plus
17%
1947 Jacques de Baroncelli Aventures Pierre Brasseur Rocambole
17%
2017 Jacques Doillon Drame Vincent Lindon Rodin
17%
1991 Georges Lautner Comédie Michel Serrault Room service
17%
1983 Euzhan Palcy Comédie dramatique Samuel Abraham Rue cases nègres
17%
1987 Woody Allen Comédie dramatique Mia Farrow Radio days
0%
1958 Pierre Chenal Policier Michel Piccoli Rafles sur la ville
0%
1957 Joseph Peyney Drame psychologique Tony Curtis Rendez vous avec une ombre
0%
2012 Gilles Bourdos Drame Michel Bouquet Renoir
0%
1983 Michel Gérard Comédie Michel Blanc Retenez moi ou je fais un malheur
0%
1938 Henri Decoin Comédie dramatique Pierre Dux Retour à l'aube
0%
2014 Anthony Marciano Comédie Max Boublil Robin des Bois la véritable histoire
0%
1945 André Cayatte Drame Paulette Dubost Roger la honte
0%
1940 Vittorio De Sica Comédie dramatique Renée Saint-Cyr Roses écarlates
0%
Aucun quiz correspondant
Distribution des résultats
% des personnes avec chaque résultat
Percentile par nombre de réponses
Votre historique - résultats
Vous n’avez pas pris ce quiz